WWE Royal Rumble 2007 Entrants - Statistics

General Stats
  • This quiz has been taken 19 times
  • The average score is 20 of 30
Answer Stats
Draw Brand Entrant % Correct
16 Raw Randy Orton
93%
30 SmackDown The Undertaker
93%
14 Raw Jeff Hardy
86%
4 SmackDown Matt Hardy
86%
10 SmackDown Kane
79%
23 Raw Shawn Michaels
79%
29 SmackDown The Miz
79%
5 Raw Edge
71%
2 SmackDown Finlay
71%
18 ECW Rob Van Dam
71%
7 ECW Sabu
71%
15 ECW The Sandman
71%
19 Raw Viscera
71%
27 Raw Carlito
64%
25 SmackDown Chavo Guerrero
64%
17 SmackDown Chris Benoit
64%
11 ECW CM Punk
64%
20 Raw Johnny Nitro
64%
21 ECW Kevin Thorn
64%
12 SmackDown King Booker
64%
9 Raw Shelton Benjamin
64%
28 Raw The Great Khali
64%
6 ECW Tommy Dreamer
64%
24 Raw Chris Masters
57%
26 SmackDown MVP
57%
1 Raw Ric Flair
57%
13 Raw Super Crazy
57%
8 SmackDown Gregory Helms
50%
22 ECW Hardcore Holly
50%
3 Raw Kenny Dykstra
43%
No matching quizzes found
Score Distribution
Percent of People with Each Score
Percentile by Number Answered
Your Score History
You have not taken this quiz